000 00736nam 22002173 4500
001 201320
010 _a972-581-014-7
021 _aPT
_b92878/95
090 _a201320
100 _a20260317d u||y0pory50 ba
200 _aEça de Queiroz e os Condes de Resende
_ftexto Gonçalves Guimarães
_gilustrações Sérgio Veludo Coelho
205 _a
210 _aVila Nova de Gaia
_cCâmara Municipal de Vila Nova de Gaia
_d1995
215 _a42, [6] p.
_cil. ; brochado
_d21 cm
606 _94534
_aCivilização, Cultura , Progresso
675 _a008
_vPT
_zpor
700 _916864
_aGuimarães
_bJoaquim António Gonçalves
_f1951-
701 _93739
_aCoelho
_bSérgio Veludo
_f1967-
801 _aPT
_bBMMN
_gRPC
830 _cVanda
990 _cLIVROS